LEADER 01267nam a2200301 i 4500 001 000000126397 003 CaOOAMICUS 005 20060105000000.0 008 060105s1997 it u000 u ita u 013 $a99103 020 $a88-339-1049-0 040 $aSeMil$bita 100 1 $aRevelli, Marco,$d<1947- >.$0(OLS)http://semarc/name/23388 245 13$aLa sinistra sociale :$boltre la civiltà del lavoro /$cMarco Revelli. 260 $aTorino :$bBollati Boringhieri,$ccopyr. 1997. 300 $a236 p. ;$c20 cm. 490 0 $aTemi ;$v70 500 $aIn prel. : Dedica aut. dell'Autore. - Fondo Card. C.M. Martini. 650 4$aPolitica e economia.$0(OLS)http://semarc/subject/15773 650 4$aEconomia e società.$0(OLS)http://semarc/subject/3462 830 0$aTemi [Bollati Boringhieri] ;$v70.$0(OLS)http://semarc/title/10510 850 $aSeMil 852 $aSeMil$W1$xVenegono$y1$m3N I 574$j80770$B80770$CSeMilBibl$Z2$F108289 $81 941 1 $a4 961 $aOmaggio: Martini Card. Carlo Maria 996 $6020$a88-339-1049-0$9(OLS)http://semarc/number/112551 996 $6245$aLa sinistra sociale :$boltre la civiltà del lavoro$9(OLS)http://semarc/title/186339 996 $6260$aTorino :$bBollati Boringhieri$9(OLS)http://semarc/publisher/31556 LEADER 01113nam a2200277 i 4500 001 000000213918 003 CaOOAMICUS 005 20191029124911.0 008 120614s2011 it u000 u ita u 013 $a192773 020 $a978-88-10-20659-1 040 $aSeMil$bita 245 10$a1: Commentario, Mc 1,1-6,16. 264 1$aBologna :$bEDB,$c2011. 300 $a347 p. ;$c24 cm. 490 0 $aTesti e commenti 700 1 $aStandaert, Benoît,$c.$0(OLS)http://semarc/name/89521 773 0 $aStandaert, Benoît $tMarco.$dBologna : EDB, 2011.$kTesti e commenti $g1$w()24191 830 0$aTesti e commenti .$0(OLS)http://semarc/title/5963 850 $aSeMil 852 $aSeMil$W1$xVenegono$y1$m2XA F 15$j230672$B164346$CSeMilBibl$Z2$F175369 $81 961 $aSottoscrizione: L.S. srl 996 $6020$a978-88-10-20659-1$9(OLS)http://semarc/number/210024 996 $6245$a1: Commentario, Mc 1,1-6,16$9(OLS)http://semarc/title/308334 996 $6264$aBologna :$bEDB$9(OLS)http://semarc/publisher/29669